General Trivia Sprint #2 - Statistics

General Stats
  • This quiz has been taken 8 times
  • The average score is 3 of 10
Answer Stats
Question Answer % Correct
Which of these countries are doubly-landlocked? Litchenstein
71%
What is 5 + 5 x 5 30
57%
What are the names of the two current members of the music duo 21 Pilots? Josh Dun and Tyler Joseph
57%
Who finished 21st place in the 2025 Formula One Driver's World Championship? Jack Doohan
43%
What is the longest running game show in TV history? The Price is Right
43%
Which of these songs from the Drake-Kendrick feud has the most Spotify listens? Not Like Us
29%
What were John Adams last words? Thomas Jefferson survives
14%
What State has had the most Vice-Presidents? New York
0%
Which Jetpunk account, excluding the Quizmaster, has the most quiz takes? Stewert
0%
Who was the last defensive player to win the Super Bowl MVP? Von Miller
0%
No matching quizzes found
Score Distribution
Percent of People with Each Score
Percentile by Number Answered
Your Score History
You have not taken this quiz